000 00292nam a2200145Ia 4500
100 _aGates P.
650 _aGeneral
942 _cBK
245 _aBusiness@the speed of thought
260 _bPengien book
_c1999
082 _a920
_bGAT
300 _a470
546 _aENGLISH
999 _c29273
_d29273